Cadencias femeninas: Música, género y sexualidad.

Gespeichert in:
Bibliographische Detailangaben
1. Verfasser: McClary, Susan (autora)
Weitere Verfasser: Torres Anabalón, María Paula (traducción), Fugellie, Daniela (edición), Valdebenito, Lorena (edición)
Format: Unbekannt
Sprache:Spanisch
Veröffentlicht: Santiago, Chile: Ediciones Universidad Alberto Hurtado, 2023.
Ausgabe:Primera edición.
Schriftenreihe:Colección Música. Ensayos.
Schlagworte:
Tags: Tag hinzufügen
Keine Tags, Fügen Sie den ersten Tag hinzu!

MARC

LEADER 00000 a2200000 4500
003 CL-VaPUC
005 20250407202434.0
008 250318t2023 ||||| |||| 00| 0 spa d
999 |c 446909  |d 446907 
020 |a 978-956-357-423-4 
040 |c Pontificia Universidad Católica de Valparaíso 
082 |2 22  |a 780.82 MCC 2023 
100 |a McClary, Susan  |9 601855  |e autora 
245 |a Cadencias femeninas:  |b Música, género y sexualidad. 
250 |a Primera edición. 
260 |a Santiago, Chile:  |b Ediciones Universidad Alberto Hurtado,  |c 2023. 
300 |a 346 páginas:  |b ilustraciones. 
490 |a Colección Música. Ensayos. 
500 |a c.2-3: Instituto Arcos. 08-01-2025 
583 |k Yessy Díaz Vidal  |c 20250318 
650 0 |9 306520  |a Musicología  |x Feminismo   |v Historia y crítica 
650 0 |9 306741  |a Historia de la música  |x Mujeres compositoras  |v Historia y crítica 
700 |9 897042  |a Torres Anabalón, María Paula  |e traducción 
700 |9 897043  |a Fugellie, Daniela  |e edición 
700 |9 897044  |a Valdebenito, Lorena  |e edición 
942 |2 ddc  |c BK  |n 0 
952 |0 0  |1 0  |2 ddc  |4 0  |6 780_820000000000000_MCC_2023  |7 0  |8 A  |9 601055  |a BIBEDU  |b BIBEDU  |d 2025-03-12  |e 13  |g 14399.00  |i 5665914  |o 780.82 MCC 2023  |p 5665914  |r 2025-03-12  |t 1  |v 14399.00  |w 2025-03-12  |y BK  |k MUS 
952 |0 0  |1 0  |2 ddc  |4 0  |6 780_820000000000000_MCC_2023  |7 0  |8 A  |9 601781  |a BIBINC  |b BIBINC  |d 2025-03-21  |e Instituto Arcos  |i 5666666  |o 780.82 MCC 2023  |p 5666666  |r 2025-03-21  |t 2  |w 2025-03-21  |y BK  |k IFP 
952 |0 0  |1 0  |2 ddc  |4 0  |6 780_820000000000000_MCC_2023  |7 0  |8 A  |9 601784  |a BIBINC  |b BIBINC  |d 2025-03-21  |e Instituto Arcos  |i 5666667  |l 1  |o 780.82 MCC 2023  |p 5666667  |q 2025-04-28  |r 2025-04-21  |s 2025-04-21  |t 3  |w 2025-03-21  |y BK  |k IFP